21世紀読売ジャイアンツ開幕スタメン - Statistics

General Stats
  • This quiz has been taken 71 times
    46 since last reset
  • The average score is 169 of 234
Answer Stats
Answer % Correct
三 | 二 | 遊 坂本勇人
100%
一 | 三 | 左 岡本和真
97%
吉川尚輝
93%
大城卓三
93%
一 | 捕 阿部慎之助
90%
中 | 右 長野久義
90%
右 | 左 キャベッジ
90%
菅野智之
87%
二 | 捕 小林誠司
87%
中 | 右 | 左 丸佳浩
87%
戸郷翔征
87%
左 | 遊 二岡智宏
83%
一 | 中 | 右 | 左 高橋由伸
83%
岸田行倫
83%
一 | 三 小笠原道大
80%
ラミレス
80%
門脇誠
80%
松井秀喜
77%
清原和博
77%
上原浩治
77%
内海哲也
77%
甲斐拓也
77%
泉口友汰
77%
2001 | 2004 | 2005 仁志敏久
73%
小久保裕紀
73%
松本哲也
73%
ダルベック
73%
村田修一
70%
2021 梶谷隆幸
70%
江藤智
67%
清水隆行
67%
マギー
67%
竹丸和幸
67%
中 | 左 ローズ
63%
アンダーソン
63%
松本剛
63%
グライシンガー
60%
右 | 左 亀井善行
60%
ペタジーニ
57%
李承燁
57%
亀井義行
57%
中田翔
57%
2024 佐々木俊輔
57%
高橋尚成
53%
マイコラス
53%
2018 中 | 右 陽岱鋼
53%
ゲレーロ
53%
浦田俊輔
53%
ロペス
50%
片岡治大
50%
ギャレット
50%
ゴンザレス
47%
東野峻
47%
ポランコ
47%
ヘルナンデス
47%
中山礼都
47%
中 | 左 谷佳知
43%
鈴木尚広
43%
2017 中井大介
43%
ブリンソン
43%
ビーディ
43%
脇谷亮太
40%
ボウカー
40%
立岡宗一郎
40%
松原聖弥
40%
2023 オコエ瑠偉
40%
二 | 遊 小坂誠
37%
エドガー
37%
寺内崇幸
37%
中島宏之
37%
一 | 左 ウィーラー
37%
2025 若林楽人
37%
三 | 遊 元木大介
33%
鶴岡一成
33%
宮國椋丞
33%
井端弘和
33%
クルーズ
33%
キャプラー
27%
橋本到
27%
田中俊太
27%
パーラ
27%
斉藤宜之
23%
ライアル
20%
アルフォンゾ
17%
若林晃弘
17%
廣岡大志
17%
No matching quizzes found
Score Distribution
Percent of People with Each Score
Percentile by Number Answered
Your Score History
You have not taken this quiz since the last reset